Normal view
MARC view
- Virology and Immunology - Ph. D Thesis.
Entry Topical Term
001 - CONTROL NUMBER
- control field: 19491
003 - CONTROL NUMBER IDENTIFIER
- control field: NUST
005 - DATE AND TIME OF LATEST TRANSACTION
- control field: 20190825135555.0
008 - FIXED-LENGTH DATA ELEMENTS
- fixed length control field: 190825|| aca||aabn | a|a d
040 ## - CATALOGING SOURCE
- Original cataloging agency: NUST
- Transcribing agency: NUST
150 ## - HEADING--TOPICAL TERM
- Topical term or geographic name entry element: Virology and Immunology - Ph. D Thesis.
670 ## - SOURCE DATA FOUND
- Source citation: Work cat.: (NUST)527988: Shuja, Malik Nawaz 19490, Development of Antibodies, Infectious clones and Infectivity studies of Cotton leaf curl Burewala virus (CLCuBuV) /, 2017.
